00637cam a2200181 a 450000100070000000500170000700800410002402000160006504000180008108200150009924501130011426000460022730000190027350001030029265000160039565000140041170000300042561220520240129063402.0920207s1991 ii b 100 0 eng  a8185425302  aDLCcDLCdDLC 222a305.8.10aNationalism, ethnicity, and political development :bSouth Asian perspectives /ceditor, Deithelm Weidemann. aNew Delhi :bManohar Publications,c1991. aviii, 207 p. ; a"This volume is sponsored by the Italian National Research Council (CNR-Committee 9)"--T.p. verso. 0aNationalism 0aEthnicity1 aWeidemann, Diethelm.eedt